| 000 | 00436nmm a2200157Ia 4500 | ||
|---|---|---|---|
| 008 | 251105s9999||||xx |||||||||||||||||und|| | ||
| 020 | _a9788431550615 | ||
| 041 | _aspa | ||
| 100 | _aCalera, Ana María | ||
| 245 | 0 | _aEl gran libro de la cocina española | |
| 264 |
_a[Madrid, España] : _bDe Vecchi, _c2012 |
||
| 300 | _a128 páginas | ||
| 650 | _aCooking | ||
| 856 | _uhttps://public.digitaliapublishing.com/a/31143 | ||
| 942 | _cCF | ||
| 999 |
_c81624 _d81624 |
||